000 00738cab a2200229 4500
001 ABS45987
008 090401t1992 xxu||||| |||| 00| 0 eng d
035 _a(Sirsi) u56200
041 _aeng
100 _aStewart, W.J..
245 _aRestitution, unjust enrichment and equity
260 _c1992
350 _a0
490 _aScots Law Times
_v(7) 1992, 47-50(4)
520 _aConsiders the two aspects of the recent case "Zemhunt (Holdings) Ltd v Control Securities plc"; the proper interpretation of `deposit` and the relevance of principles of unjust enrichment.
650 _aDEFINITION
650 _aSCOTLAND
650 _aUNJUST ENRICHMENT
690 _aPROPERTY LAW AND PRACTICE
942 _n0
948 _c04/03/1997
999 _c34279
_d34279